000 00616cam a2200193 4500500
005 20260329003019.0
041 _afre
042 _adc
100 1 0 _aPortevin, Catherine
_eauthor
245 0 0 _aHarry Potter. A l’école des sciences morales et politiques
260 _c2014.
500 _a36
690 _aAngleterre
690 _aHarry Potter
690 _aJean-Claude Milner
690 _aPop philosophie
786 0 _nPhilosophie magazine | 80 | 6 | 2014-06-01 | p. 68-68 | 1951-1787
856 4 1 _uhttps://shs.cairn.info/magazine-philosophie-magazine-2014-6-page-68?lang=fr&redirect-ssocas=7080
999 _c1820528
_d1820528